<?xml version="1.0" encoding="UTF-8"?>
<record
    xmlns:xsi="http://www.w3.org/2001/XMLSchema-instance"
    xsi:schemaLocation="http://www.loc.gov/MARC21/slim http://www.loc.gov/standards/marcxml/schema/MARC21slim.xsd"
    xmlns="http://www.loc.gov/MARC21/slim">

  <leader>00942nam a22002177a 4500</leader>
  <datafield tag="999" ind1=" " ind2=" ">
    <subfield code="c">156232</subfield>
    <subfield code="d">156232</subfield>
  </datafield>
  <controlfield tag="005">20180929125026.0</controlfield>
  <datafield tag="010" ind1=" " ind2=" ">
    <subfield code="a">ENG-123755-56</subfield>
  </datafield>
  <datafield tag="020" ind1=" " ind2=" ">
    <subfield code="a">9788193418703  (Set 2 vols.)</subfield>
    <subfield code="c">5000.00</subfield>
  </datafield>
  <datafield tag="035" ind1=" " ind2=" ">
    <subfield code="a">EN-107287-88</subfield>
  </datafield>
  <datafield tag="037" ind1=" " ind2=" ">
    <subfield code="b">DBAD/PUB</subfield>
  </datafield>
  <datafield tag="082" ind1=" " ind2=" ">
    <subfield code="a">709.54</subfield>
  </datafield>
  <datafield tag="100" ind1=" " ind2=" ">
    <subfield code="a">Behl, Benoy</subfield>
  </datafield>
  <datafield tag="245" ind1=" " ind2=" ">
    <subfield code="a">The art of india:</subfield>
    <subfield code="c">by Benoy Behl; ed.by R. Vijaya Sankar</subfield>
    <subfield code="b">sculpture and mural painting (ancient and medieval period) /</subfield>
  </datafield>
  <datafield tag="260" ind1=" " ind2=" ">
    <subfield code="a">Chennai</subfield>
    <subfield code="b">Kasturi &amp; Sons Ltd.</subfield>
    <subfield code="c">2017</subfield>
  </datafield>
  <datafield tag="270" ind1=" " ind2=" ">
    <subfield code="a">Kasturi Building, 859 &amp; 860, Anna Salai,</subfield>
    <subfield code="b">Chennai</subfield>
    <subfield code="e">600032</subfield>
  </datafield>
  <datafield tag="300" ind1=" " ind2=" ">
    <subfield code="a">2 vols. (243p.; 259p.)</subfield>
    <subfield code="c">28cm.(Hb)</subfield>
    <subfield code="b">ill.</subfield>
  </datafield>
  <datafield tag="500" ind1=" " ind2=" ">
    <subfield code="a">To the memory of my father Manhar Krishen Behl, the gentlest and kindest of men. His love of me new no bounds and I am whatever that I am today because of him.</subfield>
  </datafield>
  <datafield tag="500" ind1=" " ind2=" ">
    <subfield code="a">It Includes biblio art history &amp; glossary for art history of india</subfield>
  </datafield>
  <datafield tag="700" ind1=" " ind2=" ">
    <subfield code="a"> Vijaya Sankar R.</subfield>
  </datafield>
  <datafield tag="942" ind1=" " ind2=" ">
    <subfield code="2">ddc</subfield>
    <subfield code="c">EN</subfield>
    <subfield code="h">709.54</subfield>
    <subfield code="m">BEH</subfield>
  </datafield>
  <datafield tag="952" ind1=" " ind2=" ">
    <subfield code="0">0</subfield>
    <subfield code="1">0</subfield>
    <subfield code="3">Vol.1</subfield>
    <subfield code="4">0</subfield>
    <subfield code="7">1</subfield>
    <subfield code="8">NFIC</subfield>
    <subfield code="a">DBAD</subfield>
    <subfield code="b">BN</subfield>
    <subfield code="d">2018-08-24</subfield>
    <subfield code="e">DBAD/PUB</subfield>
    <subfield code="g">5000.00</subfield>
    <subfield code="l">0</subfield>
    <subfield code="o">709.54 BEH</subfield>
    <subfield code="p">EN-107287</subfield>
    <subfield code="r">2018-08-24 00:00:00</subfield>
    <subfield code="t">1</subfield>
    <subfield code="v">5000.00</subfield>
    <subfield code="y">EN</subfield>
  </datafield>
  <datafield tag="952" ind1=" " ind2=" ">
    <subfield code="0">0</subfield>
    <subfield code="1">0</subfield>
    <subfield code="3">Vol.2</subfield>
    <subfield code="4">0</subfield>
    <subfield code="7">1</subfield>
    <subfield code="8">NFIC</subfield>
    <subfield code="a">DBAD</subfield>
    <subfield code="b">BN</subfield>
    <subfield code="d">2018-08-24</subfield>
    <subfield code="e">DBAD/PUB</subfield>
    <subfield code="g">5000.00</subfield>
    <subfield code="l">0</subfield>
    <subfield code="o">709.54 BEH</subfield>
    <subfield code="p">EN-107288</subfield>
    <subfield code="r">2018-08-24 00:00:00</subfield>
    <subfield code="t">1</subfield>
    <subfield code="v">5000.00</subfield>
    <subfield code="y">EN</subfield>
  </datafield>
</record>
